| 000 | 01357naa a22003017a 4500 | ||
|---|---|---|---|
| 001 | BR9504339 | ||
| 003 | BR-BrBNA | ||
| 005 | 20250721155530.0 | ||
| 007 | ta | ||
| 008 | 250630b bl.|||m| |||| 00| 0 por d | ||
| 040 |
_aBR-BrBNA _bpor _cBiblioteca Nacional de Agricultura |
||
| 041 | _a(Pt) | ||
| 072 |
_aF30; P34; U30 _b3920 _b1410 |
||
| 090 | _aF30 BR9504339 | ||
| 100 | 1 | _aPereira, P.A.A. | |
| 245 | 1 | _aTecnicas de melhoramento da planta hospedeira para incrementar a fixacao biologica do nitrogenio: o caso do feijoeiro | |
| 500 | _aManual de metodos empregados em estudos de microbiologia agricola Hungria, M.Araujo, R.S.(eds.) Brasilia, DF (Brasil): EMBRAPA. SPI, 1994. p. 327 [15 ref.] (BR9504339-AMS) | ||
| 773 | 0 |
_tManual de metodos empregados em estudos de microbiologia agricola _aHungria, M.; Araujo, R.S.(eds.). Centro Nacional de Pesquisa de Arroz e Feijao, Goiania, GO (Brasil)Centro Nacional de Pesquisa de Soja, Londrina, PR (Brasil) _wF30 BR9504339 _gBrasilia, DF (Brasil), 1994. p. 327 |
|
| 650 | _aRhizobium | ||
| 650 | _aFeijao | ||
| 650 | _aFixacao de Nitrogenio | ||
| 650 | _aMelhoramento Vegetal | ||
| 650 | _aHibridacao | ||
| 650 | _aMetodo | ||
| 490 |
_aDocumentos - Centro Nacional de Pesquisa de Arroz e Feijao (Brazil) _vno. 46 _xISSN 0101-9716 |
||
| 942 |
_cAMS _2AGRIS |
||
| 909 |
_a202506 _bLúcia _c55 _dLúcia Elande |
||
| 999 |
_c337055 _d337055 |
||